|
|
|
|
| LEADER |
00000nam0a2200000 4500 |
| 001 |
261738 |
| 005 |
20231101233605.0 |
| 035 |
|
|
|a (RuTPU)RU\TPU\book\284719
|
| 090 |
|
|
|a 261738
|
| 100 |
|
|
|a 20140527d1987 k y0rusy50 ca
|
| 101 |
0 |
|
|a rus
|
| 102 |
|
|
|a RU
|
| 105 |
|
|
|a a z 001zy
|
| 200 |
1 |
|
|a Ультразвук и термодинамические свойства вещества
|e сборник научных трудов
|f Курский государственный педагогический институт
|
| 210 |
|
|
|a Курск
|c [Б. и.]
|d 1987
|
| 215 |
|
|
|a 170 с.
|c ил.
|
| 320 |
|
|
|a Библиография в конце статей
|
| 606 |
1 |
|
|a Инфразвук
|2 stltpush
|3 (RuTPU)RU\TPU\subj\13014
|9 39701
|
| 606 |
1 |
|
|a Химические вещества
|x Термодинамические свойства
|2 stltpush
|3 (RuTPU)RU\TPU\subj\17212
|9 42995
|
| 610 |
1 |
|
|a спирты
|
| 610 |
1 |
|
|a органические кислоты
|
| 610 |
1 |
|
|a межмолекулярные взаимодействия
|
| 610 |
1 |
|
|a жидкости
|
| 610 |
1 |
|
|a коэффициент Пуассона
|
| 610 |
1 |
|
|a насыщенный пар
|
| 610 |
1 |
|
|a давление
|
| 610 |
1 |
|
|a расчет
|
| 610 |
1 |
|
|a бинарные растворы
|
| 610 |
1 |
|
|a упругие свойства
|
| 610 |
1 |
|
|a органические жидкости
|
| 675 |
|
|
|a 534-8
|v 3
|
| 675 |
|
|
|a 544.3
|v 4
|
| 712 |
0 |
2 |
|a Курский государственный педагогический институт
|2 stltpush
|3 (RuTPU)RU\TPU\col\3465
|9 23838
|
| 801 |
|
1 |
|a RU
|b 63413507
|c 20140527
|
| 801 |
|
2 |
|a RU
|b 63413507
|c 20150325
|g RCR
|
| 942 |
|
|
|c BK
|